00418nam a2200097Ia 45000010005000000080041000050820037000461000054000832450159001372600024002964456241024s9999 xx 000 0 und d aRD/371.07/R426p/2012-2016/1/2013 aRepública Dominicana. Ministerio de Educación 0aPrograma de Jornada Escolar Extendida. La apuesta educativa de la República Dominicana para avanzar con equidad y calidad. Gestión Educativa 2012-2016 bSanto Domingoc2013